LEADER 00933cam0-2200373---450- 001 990001067680403321 005 20120926145547.0 035 $a000106768 035 $aFED01000106768 035 $a(Aleph)000106768FED01 035 $a000106768 100 $a20001205d1968----km-y0itay50------ba 101 0 $aeng 102 $aGB 105 $ay-------001yy 200 1 $aSpace and time$fRichard Swinburne 210 $aLondon [etc.]$cMacmillan$d1968 215 $a319 p.$d23 cm 610 0 $aSpazio 610 0 $aTempo 610 0 $aFondamenti della fisica 676 $a114 676 $a115 676 $a530 700 1$aSwinburne,$bRichard$050834 801 0$aIT$bUNINA$gRICA$2UNIMARC 901 $aBK 912 $a990001067680403321 952 $a4B-047$b6255$fFI1 952 $aP.1 FG 2497$bIst. fil. teor. 2197$fFLFBC 959 $aFI1 959 $aFLFBC 996 $aSpace and time$9340158 997 $aUNINA LEADER 01389nam0 2200289 i 450 001 SUN0037093 005 20071127120000.0 100 $a20050613d1981 |0itac50 ba 101 $aita 102 $aIT 105 $a|||| ||||| 200 1 $aNatura morta in Italia$eantica, moderna e contemporanea 205 $aMilano : Edizioni P. Daverio$b1981 210 $d[70] c. : ill. ; 17x24 cm 215 $aPubbl. in occasione della Mostra tenuta a Milano nel 1981. 606 $aNatura morta nella pittura italiana$xSec. 17.-20.$2FI$3SUNC015985 620 $dMilano$3SUNL000284 676 $a758$v21 712 $aDaverio$3SUNV003305$4650 801 $aIT$bSOL$c20181109$gRICA 912 $aSUN0037093 950 $aUFFICIO DI BIBLIOTECA DEL DIPARTIMENTO DI LETTERE E BENI CULTURALI$d07 CONS Cb Milano 1981 $e07 14641 950 $aUFFICIO DI BIBLIOTECA DEL DIPARTIMENTO DI LETTERE E BENI CULTURALI$d07 CONS Cb Milano 1981/a $e07 14637 Pepper 995 $aUFFICIO DI BIBLIOTECA DEL DIPARTIMENTO DI LETTERE E BENI CULTURALI$bIT-CE0103$h14641$kCONS Cb Milano 1981$oc$qa 995 $aUFFICIO DI BIBLIOTECA DEL DIPARTIMENTO DI LETTERE E BENI CULTURALI$bIT-CE0103$h14637$kCONS Cb Milano 1981/a Pepper$oc$qa 996 $aNatura morta in Italia$9217334 997 $aUNICAMPANIA